Most Popular U.S. Colleges & Universities - Statistics

General Stats
  • This quiz has been taken 1,544 times
    1,129 since last reset
  • The average score is 11 of 36
Answer Stats
Yield University % Correct
82% Harvard
96%
70% Yale
92%
69% Princeton
83%
61% Brown
77%
82% Stanford
77%
67% Penn
74%
76% MIT
73%
63% Columbia
72%
60% Cornell University
72%
61% Dartmouth
70%
55% Duke
59%
77% University of Chicago
49%
56% Northwestern
48%
57% Notre Dame
33%
79% Brigham Young University–Provo
20%
53% Pomona
20%
87% U.S. Naval Academy
18%
55% Bowdoin
16%
98% U.S. Air Force Academy
15%
56% Claremont McKenna
11%
55% Barnard
10%
52% UC Davis
6%
61% Mississippi College
3%
59% Yeshiva
3%
73% Berea College
2%
52% Virginia Military Institute
2%
71% Gallaudet University
1%
56% Georgia Southern
1%
65% Harding University
1%
61% Kennesaw State University
1%
62% Soka University
1%
74% Thomas Aquinas College
1%
73% Principia College
0%
62% Purchase College
0%
52% University of Louisiana at Lafayette
0%
50% University of Texas Rio Grande Valley
0%
No matching quizzes found
Score Distribution
Percent of People with Each Score
Percentile by Number Answered
Your Score History
You have not taken this quiz since the last reset